000 00547nam a2200217Ia 4500
003 OSt
005 20220928144813.0
006 a|||||r|||| 00| 0
007 ta
008 220927b |||||||| |||| 00| 0 eng d
024 _a76182
037 _cTextual
040 _aSDCL
_cSDCL
_beng
041 _2eng
_aeng
082 _aO-,6K67,G:g, K6
100 _aDavy Francis X
_9509756
245 0 _aSwift's Gulliver's travels.
260 _c1966
942 _hO-,6K67,G:g, K6
_cTEXL
_2CC
999 _c829744
_d829744